[Event "Ligue-ch"]
[Site "Evry"]
[Date "2003.05.17"]
[Round "1.12"]
[White "Mercier, Richard"]
[Black "Herard, Patrick"]
[Result "1/2-1/2"]
[WhiteElo "1560"]
[BlackElo "1990"]
[PlyCount "61"]
[EventDate "2003.05.??"]
[EventType "swiss"]
[EventRounds "5"]
[EventCountry "FRA"]
[SourceTitle "EXT 2004"]
[Source "ChessBase"]
[SourceDate "2003.11.25"]
[SourceVersion "1"]
[SourceVersionDate "2003.11.25"]
[SourceQuality "1"]

1. e4 c5 2. Nc3 Nc6 3. g3 g6 4. Bg2 Bg7 5. d3 d6 6. Nf3 Nf6 7. 0-0 Bg4 8. h3 Bd7 9. Re1 0-0 10. e5 Ne8 11. Bf4 Qc8 12. Kh2 dxe5 13. Nxe5 Nxe5 14. Bxe5 f6 15. Nd5 Rf7 16. Bc3 e6 17. Ne3 Bc6 18. Be4 Nd6 19. Bxc6 Qxc6 20. Qe2 Nb5 21. Rad1 Rd8 22. Nc4 e5 23. Qe4 Qc8 24. Qg2 Nc7 25. a4 Nd5 26. Bd2 b6 27. b3 Qc7 28. Re2 Rfd7 29. f3 Bf8 30. Rf1 Bg7 31. Rfe1 1/2-1/2